000 00499nam a2200205Ia 4500
005 20240823021946.0
008 240823s9999||||xx |||||||||||||| ||und||
020 _a81-7446-394-1
041 _aENGLISH
082 _A659.1 P6
100 _aKazmi S H H
245 0 _aAdvertising and Sales Promotion
250 _a2nd
260 _c2006
_b"Excel,New "
_aNew Delhi
500 _aYES
650 _aAdvertising
_bManagement Studies
700 _a Satish K Batra
942 _cBK
999 _c178084
_d178084